00885nam a2200217 a 450000100100000000500170001000800410002702000180006804000250008608200170011110000280012824500640015626000420022030000180026250400730028050400330035370000280038695201150041495201210052999900170065000004094020201002034507.0130911s1972 xxua 001 0 eng d a9780393099928 aDO-SdBNPbengcBNPHU axxxxxbxxxxx1 aCasper, Barry M.96736710aRevolutions in Physics /cBarry M. Casper, Richard J. Noer. aNew York, :bNorton & Company,c1972. a479 p. :bil. aIncluye referencias bibligoráficas y notas al pie de las páginas aBibliografías : p. 467-4721 aNoer, J. Richard967368 001050718MOaGRbGRcHDd2013-09-11iLF1l0oxxxxx xxxxxp40940-10r2020-06-25w2020-06-25y1ZNo se presta 001050718MOaGRbGRcHDd2013-09-11iLF1l0oxxxxx xxxxxp40940-20r2020-06-25te. 2w2020-06-25y1ZNo se presta c40430d40430